[Event "Titled Tuesday intern op 09th May Late"]
[Site "Chess.com INT"]
[Date "2023.05.09"]
[Round "4"]
[White "Kuznetsov, Felix"]
[Black "Andreikin, Dmitry"]
[Result "1/2-1/2"]
[WhiteElo "2254"]
[BlackElo "2729"]
[PlyCount "104"]
[EventDate "2023.05.09"]
[EventType "swiss (blitz)"]
[EventRounds "11"]
[EventCountry "USA"]
[SourceTitle "CBM 214 Extra"]
[Source "ChessBase"]
[SourceDate "2023.07.31"]
[SourceVersion "1"]
[SourceVersionDate "2023.07.31"]
[SourceQuality "1"]

1. e4 e6 2. d4 d5 3. Nd2 c5 4. Ngf3 cxd4 5. exd5 Nc6 6. dxc6 bxc6 7. Bd3 Nf6 8. 0-0 Be7 9. Ne4 0-0 10. Bg5 Nd5 11. Bxe7 Qxe7 12. Nxd4 c5 13. Nf3 Bb7 14. Qd2 Rad8 15. Qg5 f6 16. Qg3 e5 17. Bc4 Kh8 18. Bxd5 Rxd5 19. Nc3 Rd6 20. Rad1 Re6 21. Nd5 Qf7 22. c4 e4 23. Nh4 f5 24. Nf4 Rh6 25. Qg5 Qf6 26. Qxf6 Rhxf6 27. Nd5 Bxd5 28. Rxd5 g5 29. Nxf5 Rxf5 30. Rxf5 Rxf5 31. Rd1 Rf6 32. Rd5 Ra6 33. a3 Rb6 34. Rxg5 Rxb2 35. g4 Ra2 36. Rxc5 Rxa3 37. Rc7 e3 38. fxe3 Rxe3 39. Rxa7 Re4 40. Rc7 Rxg4+ 41. Kf2 Kg8 42. c5 Rc4 43. c6 Kf8 44. Ke3 Ke8 45. Kd3 Rh4 46. Rg7 Kd8 47. c7+ Kc8 48. h3 Rxh3+ 49. Ke4 Rh5 50. Kf4 Rc5 51. Rxh7 Rxc7 52. Rxc7+ Kxc7 1/2-1/2

[Event "Titled Tuesday intern op 09th May Late"]
[Site "Chess.com INT"]
[Date "2023.05.09"]
[Round "1"]
[White "Kuznetsov, Felix"]
[Black "Papayan, Oleg"]
[Result "1-0"]
[WhiteElo "2254"]
[BlackElo "2253"]
[PlyCount "79"]
[EventDate "2023.05.09"]
[EventType "swiss (blitz)"]
[EventRounds "11"]
[EventCountry "USA"]
[SourceTitle "CBM 214 Extra"]
[Source "ChessBase"]
[SourceDate "2023.07.31"]
[SourceVersion "1"]
[SourceVersionDate "2023.07.31"]
[SourceQuality "1"]

1. e4 c5 2. Nc3 e6 3. d4 cxd4 4. Qxd4 Nc6 5. Qd2 Nf6 6. b3 d5 7. exd5 exd5 8. Bb2 Be7 9. 0-0-0 Be6 10. Nf3 h6 11. Bd3 Qa5 12. Kb1 0-0 13. Rhe1 Rfd8 14. Nb5 Qxd2 15. Rxd2 Ne4 16. Bxe4 dxe4 17. Rxe4 Rxd2 18. Nxd2 Rd8 19. Bc3 Bf6 20. Nf3 Rd1+ 21. Kb2 Be7 22. Nbd4 Bd5 23. Nxc6 Bxe4 24. Nxe7+ Kf8 25. Nc8 Bxf3 26. gxf3 Rf1 27. Bd4 Rh1 28. Be5 f6 29. Bd6+ Kf7 30. Nxa7 Ke6 31. Bb8 g5 32. a4 f5 33. a5 f4 34. b4 Rxh2 35. b5 Rxf2 36. a6 bxa6 37. bxa6 Rd2 38. Nb5 Rd7 39. Bc7 Rd5 40. a7 1-0

[Event "Titled Tuesday intern op 09th May Late"]
[Site "Chess.com INT"]
[Date "2023.05.09"]
[Round "7"]
[White "Paravyan, David"]
[Black "Kuznetsov, Felix"]
[Result "1-0"]
[WhiteElo "2601"]
[BlackElo "2254"]
[PlyCount "93"]
[EventDate "2023.05.09"]
[EventType "swiss (blitz)"]
[EventRounds "11"]
[EventCountry "USA"]
[SourceTitle "CBM 214 Extra"]
[Source "ChessBase"]
[SourceDate "2023.07.31"]
[SourceVersion "1"]
[SourceVersionDate "2023.07.31"]
[SourceQuality "1"]

1. e4 c5 2. Nf3 Nc6 3. Bb5 d6 4. 0-0 Bd7 5. Re1 Nf6 6. Nc3 g6 7. Bxc6 Bxc6 8. d4 cxd4 9. Nxd4 Bg7 10. Bg5 0-0 11. Qd2 Rc8 12. Rad1 Qa5 13. Nd5 Qd8 14. Nxf6+ exf6 15. Bf4 d5 16. Nxc6 bxc6 17. exd5 cxd5 18. c3 Qb6 19. Re2 f5 20. Be3 Qa6 21. a3 Rfe8 22. Rde1 d4 23. Bxd4 Rxe2 24. Rxe2 Bxd4 25. cxd4 Qc4 26. Re1 Rd8 27. Rd1 Qd5 28. h3 h5 29. Qc3 f4 30. Qf3 Qxf3 31. gxf3 Kf8 32. d5 Ke7 33. Rd4 g5 34. Ra4 Rd7 35. Ra6 f6 36. b4 Rxd5 37. Rxa7+ Ke6 38. Kg2 Rd3 39. b5 Rb3 40. a4 f5 41. Ra6+ Ke5 42. b6 g4 43. Ra5+ Kf6 44. Rb5 gxh3+ 45. Kh2 Rxf3 46. b7 Rxf2+ 47. Kxh3 1-0

[Event "Titled Tuesday intern op 21st Mar Late"]
[Site "Chess.com INT"]
[Date "2023.03.21"]
[Round "3"]
[White "Carbone, Diego"]
[Black "Kuznetsov, Felix"]
[Result "0-1"]
[WhiteElo "2336"]
[BlackElo "2264"]
[PlyCount "64"]
[EventDate "2023.03.21"]
[EventType "swiss (blitz)"]
[EventRounds "11"]
[EventCountry "USA"]
[SourceTitle "EXT 2024"]
[Source "ChessBase"]
[SourceDate "2023.10.10"]
[SourceVersion "1"]
[SourceVersionDate "2023.10.10"]
[SourceQuality "1"]

1. d4 Nf6 2. c4 e6 3. Nc3 Bb4 4. Qc2 0-0 5. e4 d5 6. e5 Ne4 7. Bd3 c5 8. Nf3 cxd4 9. Nxd4 Nd7 10. Bf4 Ndc5 11. 0-0 Bxc3 12. bxc3 Nxd3 13. Qxd3 Qc7 14. cxd5 exd5 15. Rac1 Be6 16. c4 Nc5 17. Qe3 dxc4 18. Nxe6 Nxe6 19. Bg3 b5 20. Rfd1 Rfd8 21. Rd6 Qc5 22. Qd2 b4 23. Rd1 Rxd6 24. exd6 c3 25. Qd3 Rd8 26. h4 h5 27. Qa6 c2 28. Rc1 Nd4 29. Qd3 Qc3 30. Qe4 Qd2 31. Kh2 Qxc1 32. Qxd4 Qd1 0-1